| 000 | 00378nam a2200133Ia 4500 | ||
|---|---|---|---|
| 003 | GCL | ||
| 008 | 140319s9999 xx 000 0 ara d | ||
| 040 |
_aGCL / _cGCL |
||
| 082 | 0 | 4 |
_aم _b923.2 _bج ك |
| 245 | 1 | 0 | _aكتاب الوزراء والكتاب |
| 260 |
_a[S.N] : _bدار الكتب المصرية |
||
| 300 | _a428 ص | ||
| 490 |
_aشكاوى المصرى الفصيح _v0 |
||
| 999 |
_c59382 _d59382 |
||